LDR 00764naa#a2200229#i#450# 001 EN\\bibl\121330 005 20260514152252.4 011 ## _a1994-4683 100 ## _a20230803b2023####ek#y0engy0150####ca 102 ## _aRU 200 1# _aCHARACTERISTICS OF MORPHOFUNCTIONAL AND PHYSICAL INDICATORS OF 1ST YEAR STUDENTS OF SSUWT _eJournal article 210 1# _aMoscow _cNational State University of Physical Education, Sports and Health named after P.F. Lesgaft _d2023 215 ## _a6 с. 608 ## _aJournal article _2local 675 ## _aФилософия. Теория. Назначение. Методика. Этика. Эстетика. 796.01 _z 700 #1 _a _g 700 #1 _a _g 700 #1 _a _g 700 #1 _a _g 700 #1 _a _g 700 #1 _a _g 856 4# _auchzapiski.lesgaft.spb.ru _u